| 000 | 00485nam a22001817a 4500 | ||
|---|---|---|---|
| 005 | 20230817140912.0 | ||
| 008 | 230817b |||||||| |||| 00| 0 eng d | ||
| 020 | _a978-0-323-39370-6 | ||
| 041 | _aeng | ||
| 082 | _a616.7 | ||
| 100 |
_aGIANGARRA, CHARLES AND MANSKE, ROBERT. C _97952 |
||
| 245 | _aCLINICAL ORTHOPAEDIC REHABILITATION: a team appoach | ||
| 250 | _a4th ED., 2018 | ||
| 260 |
_aPHILADELPHIA _bELSEVIER _c2018 |
||
| 300 | _a618;p | ||
| 650 |
_aBPT _97953 |
||
| 942 | _cBK | ||
| 999 |
_c8373 _d8371 |
||